000 01360nam a2200349 a 4500
001 ebr10312521
003 CaPaEBR
006 m u
007 cr cn|||||||||
008 061013s2007 nju sb 001 0 eng
010 _z 2006034332
015 _aGBA752067
_2bnb
016 7 _z013784659
_2Uk
020 _z9780691130118 (alk. paper)
020 _z0691130116 (alk. paper)
040 _aCaPaEBR
_cCaPaEBR
035 _a(OCoLC)438701360
043 _an-us---
050 1 4 _aBR516
_b.V58 2007eb
082 0 4 _a322/.10973
_222
100 1 _aViteritti, Joseph P.,
_d1946-
245 1 4 _aThe last freedom
_h[electronic resource] :
_breligion from the public school to the public square /
_cJoseph P. Viteritti.
260 _aPrinceton :
_bPrinceton University Press,
_cc2007.
300 _axvi, 273 p.
504 _aIncludes bibliographical references (p. [241]-262) and index.
533 _aElectronic reproduction.
_bPalo Alto, Calif. :
_cebrary,
_d2013.
_nAvailable via World Wide Web.
_nAccess may be limited to ebrary affiliated libraries.
650 0 _aChurch and state
_zUnited States.
650 0 _aSchool choice
_zUnited States.
655 7 _aElectronic books.
_2local
710 2 _aebrary, Inc.
856 4 0 _uhttp://site.ebrary.com/lib/rucke/Doc?id=10312521
_zAn electronic book accessible through the World Wide Web; click to view
999 _c164546
_d164544